Furniture studio : (Record no. 354102)

000 -LEADER
fixed length control field 01648cam a2200337 a 4500
001 - CONTROL NUMBER
control field 16706994
003 - CONTROL NUMBER IDENTIFIER
control field OSt
005 - DATE AND TIME OF LATEST TRANSACTION
control field 20180116192431.0
008 - FIXED-LENGTH DATA ELEMENTS--GENERAL INFORMATION
fixed length control field 110325s2012 waua b s001 0 eng
010 ## - LIBRARY OF CONGRESS CONTROL NUMBER
LC control number 2011013343
020 ## - INTERNATIONAL STANDARD BOOK NUMBER
International Standard Book Number 9780295991559 (cloth : alk. paper)
040 ## - CATALOGING SOURCE
Original cataloging agency DLC
Transcribing agency DLC
Modifying agency DLC
042 ## - AUTHENTICATION CODE
Authentication code pcc
043 ## - GEOGRAPHIC AREA CODE
Geographic area code n-us-wa
050 00 - LIBRARY OF CONGRESS CALL NUMBER
Classification number TT194
Item number .O25 2012
082 00 - DEWEY DECIMAL CLASSIFICATION NUMBER
Classification number 684.107
Edition number 22
100 1# - MAIN ENTRY--PERSONAL NAME
Personal name Ochsner, Jeffrey Karl.
9 (RLIN) 8182
245 10 - TITLE STATEMENT
Title Furniture studio :
Remainder of title materials, craft, and architecture /
Statement of responsibility, etc. Jeffrey Karl Ochsner.
250 ## - EDITION STATEMENT
Edition statement 1st ed.
260 ## - PUBLICATION, DISTRIBUTION, ETC.
Place of publication, distribution, etc. Seattle [Wash.] ;
-- London :
Name of publisher, distributor, etc. University of Washington Press,
Date of publication, distribution, etc. 2012.
300 ## - PHYSICAL DESCRIPTION
Extent xv, 278 p. :
Other physical details col. ill. ;
Dimensions 25 cm.
504 ## - BIBLIOGRAPHY, ETC. NOTE
Bibliography, etc. note Includes bibliographical references (p. 239-265) and index.
505 0# - FORMATTED CONTENTS NOTE
Formatted contents note Introduction: the reality of making -- Origins: building a program -- One quarter: winter 2009 -- Interpreting a pedagogy: furniture and architecture -- Examples of excellence: selected projects, 1989-2009 -- Beyond the university: continuing influence -- The future: furniture studio after 2009 -- Appendix A. Furniture Fest, 2009 -- Appendix B. Award-winning projects, 1990-2010.
600 10 - SUBJECT ADDED ENTRY--PERSONAL NAME
Personal name Vanags, Andris,
Dates associated with a name 1942-
9 (RLIN) 8183
610 20 - SUBJECT ADDED ENTRY--CORPORATE NAME
Corporate name or jurisdiction name as entry element University of Washington.
Subordinate unit Department of Architecture.
9 (RLIN) 8184
650 #0 - SUBJECT ADDED ENTRY--TOPICAL TERM
Topical term or geographic name entry element Furniture making
General subdivision Study and teaching
Geographic subdivision Washington (State)
-- Seattle.
9 (RLIN) 8185
650 #0 - SUBJECT ADDED ENTRY--TOPICAL TERM
Topical term or geographic name entry element Furniture design
General subdivision Study and teaching
Geographic subdivision Washington (State)
-- Seattle.
9 (RLIN) 8186
906 ## - LOCAL DATA ELEMENT F, LDF (RLIN)
a 7
b cbc
c orignew
d 1
e ecip
f 20
g y-gencatlg
942 ## - ADDED ENTRY ELEMENTS (KOHA)
Source of classification or shelving scheme
Koha item type Book
Holdings
Withdrawn status Lost status Source of classification or shelving scheme Damaged status Not for loan Permanent Location Current Location Date acquired Total Checkouts Full call number Barcode Date last seen Date last checked out Copy number Cost, replacement price Price effective from Koha item type
          School of Art Design and Architecture (SADA) School of Art Design and Architecture (SADA) 08/06/2015 4 684.107 OCH 2012 SADA0002496 03/07/2025 02/17/2025 01 4414.09 08/13/2015 Book
© 2023 Central Library, National University of Sciences and Technology. All Rights Reserved.